| 000 | 02402cam a2200385 i 4500 | ||
|---|---|---|---|
| 001 | 34412328 | ||
| 003 | OCoLC | ||
| 005 | 20220227193254.0 | ||
| 008 | 960314s1996 miu b 001 0 eng | ||
| 010 | _a96012910 | ||
| 020 | _a0310493404 | ||
| 020 | _a9780310493402 | ||
| 035 | _atcgc117176 | ||
| 035 |
_a(OCoLC)34412328 _z(OCoLC)796952251 |
||
| 040 |
_aDLC _beng _erda _cDLC _dBAKER _dNLGGC _dBTCTA _dYDXCP _dOCLCQ _dBDX _dOCLCQ _dOCLCO _dOCLCA _dOUP _dOCLCF _dSGB _dAUTTC _dCHC |
||
| 050 | 0 | 0 |
_aBS2695.3 _b.S66 1996 |
| 082 | 0 | 0 |
_a227/.5077 _220 |
| 100 | 1 |
_aSnodgrass, Klyne. _0http://id.loc.gov/authorities/names/n83232106 |
|
| 245 | 1 | 0 |
_aEphesians : _bfrom biblical text-- to contemporary life / _cKlyne Snodgrass. |
| 264 | 1 |
_aGrand Rapids, Mich. : _bZondervan, _c[1996] |
|
| 264 | 4 | _c©1996. | |
| 300 |
_a384 pages ; _c24 cm. |
||
| 336 |
_atext _btxt _2rdacontent |
||
| 337 |
_aunmediated _bn _2rdamedia |
||
| 338 |
_avolume _bnc _2rdacarrier |
||
| 490 | 1 | _aThe NIV application commentary series. | |
| 504 | _aIncludes bibliographical references (pages 32-36) and indexes. | ||
| 505 | 0 | _aDedication -- Series Introduction -- General Editor's Preface -- Author's Preface -- Abbreviations -- Introduction -- Annotated Bibliography -- Text and Commentary on Ephesians -- Scripture Index -- Subject Index. | |
| 520 | _aEphesians emphasizes the Gospel's twin pillars of change and choice. It explores how conversion (change) is a gift of God, which demands choices -- between disunity and unity, good and bad family life, good and bad social structures. The place that change and choice ever and again come together is in our liturgy and worship. Ephesians is filled with prayer and praise for our great and sovereign Lord, who shows us, as we worship him, that we cannot become a new creature without acting like one, and that knowing how to act can only come if we recognize the great change brought about in the new life in Jesus Christ. - Back cover. | ||
| 630 | 0 | 0 |
_aBible. _pEphesians _0http://id.loc.gov/authorities/names/n79060413 _vCommentaries. _0http://id.loc.gov/authorities/subjects/sh99001404 |
| 655 | 7 |
_aCommentaries. _2fast _0http://id.worldcat.org/fast/1423723 |
|
| 730 | 0 | 2 |
_aBible. _pEphesians. _0http://id.loc.gov/authorities/names/n79060413 _lEnglish. _sNew International. _f1996. |
| 830 | 0 |
_aNIV application commentary. _0http://id.loc.gov/authorities/names/n94048887 |
|
| 942 |
_2ddc _cBK |
||
| 999 |
_c10815 _d10815 |
||